| 000 | 00537nam a2200133Ia 4500 | ||
|---|---|---|---|
| 008 | 171207s9999 xx 000 0 und d | ||
| 100 | _aCurrie, Wendy L. | ||
| 245 | _aFinancialization and information technology: themes, issues and critical debates – part I | ||
| 245 | _cWendy L. Currie, Thomas Lagoarde-Segot | ||
| 260 | _c2017 | ||
| 300 | _apages 211-217, September 2017 | ||
| 440 |
_aJournal of Information Technology _v32:3 |
||
| 650 | _afinancial market manipulation market surveillance taxonomy fraud detection decision support | ||
| 999 |
_c347705 _d347705 |
||